Фундаментальная подготовка -основа формирования профессиональных компетенций в инженерном образовании; Уровневая подготовка специалистов: государственные и международные стандарты инженерного образования

Podrobná bibliografie
Parent link:Уровневая подготовка специалистов: государственные и международные стандарты инженерного образования.— 2011.— [С. 10-14]
Korporativní autor: Национальный исследовательский Томский политехнический университет (ТПУ)
Další autoři: Петровская Т. С. Татьяна Семёновна, Соловьёв М. А. Михаил Александрович, Чернов И. П. Иван Петрович, Семкина Л. И. Людмила Иосифовна
Shrnutí:Заглавие с титульного листа
Jazyk:ruština
Vydáno: 2011
Témata:
On-line přístup:http://www.lib.tpu.ru/fulltext/c/2011/C09/002.pdf
Médium: Elektronický zdroj Kapitola
KOHA link:https://koha.lib.tpu.ru/cgi-bin/koha/opac-detail.pl?biblionumber=231420

MARC

LEADER 00000nla2a2200000 4500
001 231420
005 20250917071651.0
035 |a (RuTPU)RU\TPU\book\252439 
035 |a RU\TPU\book\252099 
090 |a 231420 
100 |a 20130201d2011 k y0rusy50 ca 
101 0 |a rus 
102 |a RU 
105 |a y z 101zy 
135 |a drnn ---uucaa 
181 0 |a i  
182 0 |a b 
200 1 |a Фундаментальная подготовка -основа формирования профессиональных компетенций в инженерном образовании  |f Т. С. Петровская [и др.] 
203 |a Текст  |c электронный 
215 |a 1 файл (286 Кб) 
300 |a Заглавие с титульного листа 
320 |a [Библиогр.: с. 14 (2 назв.)] 
337 |a Adobe Reader 
463 1 |0 (RuTPU)RU\TPU\book\243018  |t Уровневая подготовка специалистов: государственные и международные стандарты инженерного образования  |o сборник трудов научно-методической конференции, 10-11 марта 2011 г., Томск  |f Национальный исследовательский Томский политехнический университет (ТПУ)  |v [С. 10-14]  |d 2011 
610 1 |a труды учёных ТПУ 
610 1 |a электронный ресурс 
610 1 |a фундаментальная подготовка 
610 1 |a основы 
610 1 |a формирование 
610 1 |a профессиональные компетенции 
610 1 |a инженерное образование 
701 1 |a Петровская  |b Т. С.  |c химик-технолог  |c доцент Томского политехнического университета, кандидат технических наук  |c заместитель проректора по образовательной и международной деятельности  |f 1954-  |g Татьяна Семёновна  |3 (RuTPU)RU\TPU\pers\24483 
701 1 |a Соловьёв  |b М. А.  |c специалист в области электроэнергетики, организации высшего профессионального образования  |c доцент Томского политехнического университета, кандидат технических наук  |f 1972-  |g Михаил Александрович  |3 (RuTPU)RU\TPU\pers\25186  |9 11266 
701 1 |a Чернов  |b И. П.  |c физик  |c профессор Томского политехнического университета, доктор физико-математических наук  |f 1935-2025  |g Иван Петрович  |x TPU  |y Томск  |3 (RuTPU)RU\TPU\pers\12909  |9 3694 
701 1 |a Семкина  |b Л. И.  |c физик  |c доцент Томского политехнического университета  |g Людмила Иосифовна  |3 (RuTPU)RU\TPU\pers\27961 
712 0 2 |a Национальный исследовательский Томский политехнический университет (ТПУ)  |c (2009- )  |3 (RuTPU)RU\TPU\col\15902 
801 1 |a RU  |b 63413507  |c 20120830 
801 2 |a RU  |b 63413507  |c 20130207  |g RCR 
856 4 |u http://www.lib.tpu.ru/fulltext/c/2011/C09/002.pdf 
942 |c CF